00365nam a2200121Ia 4500008004100000082001500041100002300056245003700079260004900116300001300165500004500178700002000223220610s9999 xx 000 0 und d a891.4bCHI aChinchalkar Vasant aManavi Mulyachi Mahata (Marathi) aNagpurbBhartiya Aadimjati Sevak Sanghc2006 a66 PbPB a"Doneted by Dr. Shailesh Pitale, Nagpur" a Dhoble Bhavana